| 000 | 00475pab a2200193 454500 | ||
|---|---|---|---|
| 008 | 180718b2013 xxu||||| |||| 00| 0 eng d | ||
| 100 | _aBanerjee, Soumik | ||
| 245 | _aStairway to death: Maternal mortality beyond numbers | ||
| 260 | _c2013 | ||
| 300 | _ap.123-130. | ||
| 362 | _a3 Aug | ||
| 650 | _aDeath | ||
| 650 | _aMortality | ||
| 700 | _aSingh, Sanjeev | ||
| 700 | _aJohn, Priya | ||
| 773 | _aEconomic and Political Weekly | ||
| 908 | _aN | ||
| 909 | _a101360 | ||
| 999 |
_c101358 _d101358 |
||